| 000 | 00548nam a2200193Ia 4500 | ||
|---|---|---|---|
| 005 | 20250508150502.0 | ||
| 008 | 008 250505s9999 xx 000 0 eng d | ||
| 037 | _aTextual | ||
| 040 |
_aFEDL _beng _cFEDL |
||
| 041 |
_aeng _2eng |
||
| 084 |
_a370.15, PET _qFEDL |
||
| 100 |
_aPeterson Harvey A. _984070 |
||
| 245 | 0 | _aEdcuational psychology | |
| 260 |
_aNew York, USA _bThe Macmillan Company _c1948 |
||
| 300 | _a550p. | ||
| 650 |
_aEducation - Psychology _9755527 |
||
| 942 |
_cTEXL _h370.15, PET |
||
| 999 |
_c1323860 _d1323860 |
||